000 00630nam a22002057a 4500
005 20251108173641.0
008 250721s2001 xx 000 0 ara d
020 _a9953295050
082 1 4 _aط/372.242/ريش
245 1 0 _aالريش و الفرو ما الذي يجعل الهر يخرخر؟ /
264 1 _aبيروت :
_bالدار العربية للعلوم،
_c2001.
300 _a31ص.
490 0 _aإلعب وتعلم
650 1 7 _aالتعلم
650 1 7 _aالأطفال
650 1 7 _aالثقافة
653 _aأطفال مرحلة متوسطة (6-9)سنوات
942 _2ddc
_cBK
999 _c109065
_d109065